000 00491nam a2200133 a 4500
008 120416s1973 ||||||||||||||||| || u
050 _aNA 1555 Kaw
100 _aKawazoe, Noboru
245 1 0 _aL'architecture Japonaise d'aujourd'hui
260 _aTokyo
_bFondations Japonaise
_c1973
300 _aviii, 101p. : ill.
350 _a0.00
995 _D0.00
_FCBU-MAIN LIBRARY (Kitwe)
_H1
_I0.00
_M1
_UAVAILABLE
_ZMain Library Open Access Collection
999 _c48887
_d48887